Construcción y reparación de aparatos de radio / (Record no. 176055)

MARC details
000 -LEADER
campo de control de longitud fija 00795nam a22002415i 4500
001 - NÚMERO DE CONTROL
campo de control 176055
003 - IDENTIFICADOR DE NÚMERO DE CONTROL
campo de control ES-MaACL
005 - FECHA Y HORA DE LA ÚLTIMA TRANSACCIÓN
campo de control 20250901080433.0
007 - CAMPO FIJO DE DESCRIPCIÓN FÍSICA--INFORMACIÓN GENERAL
campo de control de longitud fija t|
008 - DATOS DE LONGITUD FIJA--INFORMACIÓN GENERAL
campo de control de longitud fija 101214s1960 sp a r ||||1| spa d
080 ## - NÚMERO DE LA CLASIFICACIÓN DECIMAL UNIVERSAL
Número de la Clasificación Decimal Universal 621.396.62
100 1# - ENTRADA PRINCIPAL--NOMBRE DE PERSONA
Nombre de persona Návez, Fernand.
9 (RLIN) 85229
245 10 - MENCIÓN DEL TÍTULO
Título Construcción y reparación de aparatos de radio /
Mención de responsabilidad, etc. por Alfonso Lagoma.
250 ## - MENCION DE EDICION
Mención de edición 5ª ed. rev. y puesta al día.
260 ## - PUBLICACIÓN, DISTRIBUCIÓN, ETC.
Lugar de publicación, distribución, etc. Barcelona :
Nombre del editor, distribuidor, etc. Juan Bruguer,
Fecha de publicación, distribución, etc. 1960.
300 ## - DESCRIPCIÓN FÍSICA
Extensión 388 p. :
Otras características físicas il. bl. y n. ;
Dimensiones 22 cm.
490 1# - MENCIÓN DE SERIE
Mención de serie Biblioteca práctica de electricidad ;
Designación de volumen o secuencia 1
650 #4 - PUNTO DE ACCESO ADICIONAL DE MATERIA--TÉRMINO DE MATERIA
Término de materia o nombre geográfico como elemento de entrada Radio-
Subdivisión general Reparación
9 (RLIN) 16665
650 #4 - PUNTO DE ACCESO ADICIONAL DE MATERIA--TÉRMINO DE MATERIA
Término de materia o nombre geográfico como elemento de entrada Radios
9 (RLIN) 16664
830 0# - PUNTO DE ACCESO ADICIONAL DE SERIE-TÍTULO UNIFORME
Título uniforme Biblioteca práctica de electricidad ;
Designación de volumen o secuencia 1
9 (RLIN) 189925
852 ## - LOCALIZACIÓN
Ubicación ES-MaACL
Número de control de estantería E-13791
Encuadernación Olim P-252-bis
Holdings
Estatus retirado Estado de pérdida Estado de daño No para préstamo Biblioteca de origen Biblioteca actual Ubicación en estantería Fecha de adquisición Fuente de adquisición Total de préstamos Signatura topográfica completa Código de barras Visto por última vez Precio de reemplazo Tipo de ítem Koha
        Biblioteca del Ateneo de Madrid Biblioteca del Ateneo de Madrid Depósito 2 14/12/2010     E-13791 1184896 23/02/2023 23/02/2023 Libro impreso